000 01140nam2a2200277 4500
001 RU\NLR\bibl\1856024
005 20250616180845.0
010 _a978-5-98916-074-7
_91000
021 _aRU
_b2011-99601
_97132
035 _a(NLR Aleph) 001845953
090 _a2336300
_c2336300
100 _a20120113d2011 |||y0rusy50 ca
101 0 _arus
102 _aRU
105 _aah |||||||||
200 0 _a[Ч. 1]
210 _d2011
_aБ. м.
215 _a77 с.
_cцв. ил., факс.
320 _aБиблиогр.: с. 75 (4 назв.)
461 0 _1001RU\NLR\bibl\1873024
_12001#$aЖитие святителя Иоанна Милостивого, патриарха Александрийского$vЧ. 1
_92555270
_cКурск
_d2011
_f[сост.: Деревянченко Иван Леонидович, Ситников Вадим Владимирович]
_nМечта
_tЖитие святителя Иоанна Милостивого, патриарха Александрийского
_vЧ. 1
801 0 _aRU
_bNLR
_c20120113
_gRCR
801 1 _aRU
_bNLR
_c20120113
942 _cBOOK
980 _aNB
980 _aNBR